Hydrogen gas embrittlement : mechanisms, mechanics,and design /

Hydrogen Gas Embrittlement: Mechanisms, Mechanics, and Design enables readers to understand complicated hydrogen-material interactions and conduct better material selection and strength design for hydrogen components. The book reviews the fundamental mechanisms of hydrogen embrittlement, the various...

Full description

Bibliographic Details
Main Authors: Hisao, Matsunaga (Author), Yamabe, Junichiro (Author), Takakuwa, Osamu (Author), Ogawa, Yūhei, 1944- (Author), Matsuoka, Saburō (Author)
Corporate Author: Knovel (Firm)
Format: eBook
Language:English
Published: Amsterdam, Netherlands ; London, Unired Kingdom ; Cambridge, Unired States : Elsevier, 2024.
Subjects:
Online Access:Connect to the full text of this electronic book

MARC

Tag First Indicator Second Indicator Subfields
LEADER 00000cam a22000007i 4500
001 in00005613321
006 m o d
007 cr |n|||||||||
008 240118t20242024caua ob 001 0 eng d
005 20250113201326.1
035 |a (OCoLC)on1417449462 
040 |a YDX  |b eng  |e rda  |c YDX  |d YDX  |d OCLCO  |d EBLCP  |d OPELS  |d GZM 
019 |a 1417757172 
020 |a 9780323853330  |q electronic book 
020 |a 0323853331  |q electronic book 
020 |z 0128243589 
020 |z 9780128243589 
035 |a (OCoLC)1417449462  |z (OCoLC)1417757172 
050 4 |a TP359.H8  |b M38 2024 
082 0 4 |a 665.81  |2 23 
049 |a TXAM 
100 1 |a Hisao, Matsunaga,  |e author. 
245 1 0 |a Hydrogen gas embrittlement :  |b mechanisms, mechanics,and design /  |c Hisao Matsunaga, Junichiro Yamabe, Osamu Takakuwa, Yuhei Ogawa, Saburo Matsuoka. 
264 1 |a Amsterdam, Netherlands ;  |a London, Unired Kingdom ;  |a Cambridge, Unired States :  |b Elsevier,  |c 2024. 
264 4 |c ©2024 
300 |a 1 online resource :  |b illustrations 
336 |a text  |b txt  |2 rdacontent 
337 |a computer  |b c  |2 rdamedia 
338 |a online resource  |b cr  |2 rdacarrier 
504 |a Includes bibliographical references and index. 
588 |a Description based upon online resource; title from PDF title page (viewed January 25th, 2024). 
505 0 |a Front Cover -- Hydrogen Gas Embrittlement -- Copyright Page -- Contents -- Preface -- 1 Background: materials selection, strength design, and fundamental mechanisms -- 1.1 Materials selection and strength design -- 1.1.1 Materials selection for hydrogen refueling stations -- 1.1.2 Global harmonization for materials selection for hydrogen fuel cell vehicles -- 1.1.3 Existing experimental data -- 1.1.4 Strength design based on existing codes and standards -- 1.1.4.1 Design-by-rule and design-by-analysis -- 1.1.4.2 Safety factor multiplier method -- 1.1.4.3 Reasonable strength design 
505 8 |a 1.2 Fundamental mechanisms and processes -- 1.2.1 Reduction of interatomic cohesion (hydrogen-enhanced decohesion) -- 1.2.2 Hydrogen lattice defect interactions -- 1.2.2.1 Suppression and enhancement of dislocation motion -- Hydrogen-induced hardening -- Hydrogen-induced softening (enhanced dislocation motion) studies utilizing cathodic hydrogen charging -- Transmission electron microscopy experiments and continuum mechanics calculations -- Evidence supporting the elastic-shielding model -- 1.2.2.2 Localized plasticity and crack propagation behavior 
505 8 |a 1.2.3 Enhanced stability of planar and point defects -- 1.2.3.1 Reduction in stacking fault energy -- 1.2.3.2 Deformation twinning and phase transformation -- 1.2.3.3 Stabilization of vacancies and their influence on fracture behavior -- References -- 2 Diffusivity, solubility, and trapping of hydrogen in various metallic materials -- 2.1 Methods for obtaining hydrogen diffusion properties with hydrogen gas -- 2.1.1 Method of gas permeation with low pressure -- 2.1.2 Entry method with high pressure -- 2.1.3 Desorption method with high pressure -- 2.2 Hydrogen diffusivity and solubility 
505 8 |a 2.2.1 300 series, austenitic stainless and related steels -- 2.2.1.1 Materials and specimens -- 2.2.1.2 Hydrogen exposure condition and determination of hydrogen diffusion properties -- 2.2.1.3 Hydrogen diffusivity and solubility -- 2.2.2 Prestrained, metastable, austenitic stainless steel -- 2.2.3 Low-alloy steels -- 2.2.3.1 Materials and microstructures -- 2.2.3.2 Specimens and hydrogen exposure condition -- 2.2.3.3 Measurement of hydrogen content -- 2.2.3.4 Hydrogen content of uncharged and hydrogen-charged specimens -- 2.2.3.5 Effect of specimen size on hydrogen content 
505 8 |a 2.2.3.6 Hydrogen diffusivity -- 2.2.3.7 Entry and exit of high-pressure hydrogen gas in steels at room temperature -- 2.2.3.8 Temperature dependence of the saturated hydrogen content -- 2.2.3.9 Interpretation of the temperature dependencies of hydrogen diffusivity and saturated hydrogen content -- 2.2.3.10 Hydrogen diffusion properties of Material D and re-heat-treated Material B -- 2.2.4 Prestrained carbon steel -- 2.2.4.1 Material -- 2.2.4.2 Determination of hydrogen-trapping sites and hydrogen diffusivity -- 2.2.4.3 Determination of hydrogen-trapping sites produced by cold-working 
520 |a Hydrogen Gas Embrittlement: Mechanisms, Mechanics, and Design enables readers to understand complicated hydrogen-material interactions and conduct better material selection and strength design for hydrogen components. The book reviews the fundamental mechanisms of hydrogen embrittlement, the various behaviors of hydrogen in metallic materials such as diffusion, solution, and trapping, and emphasizes the necessary properties for effective strength design of various materials under the influence of hydrogen, including tensile properties, fatigue life, fatigue limit, fatigue crack-growth, and fracture toughness. Sections provide experimental data obtained in hydrogen gas at various pressures and temperatures together with the fractographic observations, including practical interpretation of hydrogen compatibility of materials based on tensile, fatigue and fracture mechanics testing results. Material testing machines and methods, the effects of hydrogen on various BCC steels, austenitic steels, and non-ferrous metals, and practical applications and methods of strength design for hydrogen vessels and components are all included as well. 
650 0 |a Metals  |x Hydrogen embrittlement. 
650 0 |a Steel  |x Hydrogen content. 
650 0 |a Steel  |x Hydrogen embrittlement. 
650 6 |a Métaux  |x Fragilisation par l'hydrogène. 
650 6 |a Acier  |x Teneur en hydrogène. 
650 6 |a Acier  |x Fragilisation par l'hydrogène. 
655 7 |a Electronic books.  |2 local 
700 1 |a Yamabe, Junichiro,  |e author. 
700 1 |a Takakuwa, Osamu,  |e author. 
700 1 |a Ogawa, Yūhei,  |d 1944-  |e author. 
700 1 |a Matsuoka, Saburō,  |e author. 
710 2 |a Knovel (Firm) 
776 0 8 |i Print version:  |z 0128243589  |z 9780128243589  |w (OCoLC)1294136966 
856 4 0 |u http://proxy.library.tamu.edu/login?url=https://app.knovel.com/hotlink/toc/id:kpHGEMMD01/hydrogen-gas-embrittlement?kpromoter=marc  |z Connect to the full text of this electronic book  |t 0 
955 |a Knovel ebooks 
994 |a 92  |b TXA 
999 f f |s a924a710-3a54-4ef5-99a9-60aad1fea9e3  |i 3fe92331-966f-4df6-a8d7-b7632bb99fbd  |t 0 
952 f f |a Texas A&M University  |b College Station  |c Electronic Resources  |d Available Online  |t 0  |e TP359.H8 M38 2024  |h Library of Congress classification 
998 f f |a TP359.H8 M38 2024  |t 0  |l Available Online